|
|
|
|
| LEADER |
00000nam a22000007a 4500 |
| 005 |
20120808135311.0 |
| 007 |
cr|||| |||| |
| 008 |
120808s2011 sp |||||s|||| 00||0 spa d |
| 020 |
|
|
|a 978-84-15455-06-6
|
| 035 |
|
|
|a 6328
|
| 040 |
|
|
|a vLex
|
| 090 |
|
|
|c 3357
|d 3357
|
| 100 |
1 |
|
|a Ferreirs̤ Marcos, Carlos Eloy
|
| 245 |
1 |
3 |
|a La mediacin̤ en el Derecho Penal de menores
|h [Recurso electrn̤ico] /
|c Carlos Eloy Ferreirs̤ Marcos , Ana Sirvent Botella
|
| 256 |
|
|
|a Servicio en ln̕ea
|
| 260 |
|
|
|a Madrid :
|b Dykinson,
|c 2011
|
| 300 |
|
|
|a 1 recurso electrn̤ico
|
| 506 |
1 |
|
|a Contenido solo disponible en los productos indicados
|d vLex Global
|d vLex Global (Academic Edition, excluding Law Schools)
|d vLex Global (U.S. Academic Edition, Law Schools)
|d vLex Global (U.S. Academic Edition, excluding Law Schools)
|d vLex Global (Academic Edition, Law Schools)
|
| 650 |
0 |
4 |
|a Menores
|x Responsabilidad penal
|
| 740 |
0 |
|
|a vLex Libros (Servicio en ln̕ea)
|
| 856 |
4 |
0 |
|u http://vlex.com/source/mediacion-derecho-penal-menores-6328
|z Accceso restringido
|
| 942 |
|
|
|c BOOK
|
| 999 |
0 |
|
|a Juvenile justice, Administration of
|